00583nam a2200169 i 450000100060000000300090000600500170001500700030003200800410003510000310007624500630010726000310017030000410020185200320024299900170027495201220029128487ES-MaACL20230906153849.0t|030117s1968 sp ||||1| spa d1 aBaeschlin, Alfredo.92460213aLa arquitectura del caserío vasco / cAlfredo Baeschlin. aBilbao : bVillar, c1968. a300 p., 36 lám. : bil. ; c17 cm. aES-MaACLjC-35350 bR.68115 c28487d28487 00104070aATENEOMbATENEOMcDEPO2d2008-01-17eSCl0oC-35350p1029408r2023-02-23 00:00:00w2023-02-23yMONOGRAFIA